The product life cyle and nternational trade

Đã lưu trong:
Bibliografiske detaljer
Hovedforfatter: Wells, Louis
Format: Bog
Sprog:Undetermined
Udgivet: Havard President and Fellows of Havard College 1972
Fag:
Tags: Tilføj Tag
Ingen Tags, Vær først til at tagge denne postø!
Thư viện lưu trữ: Trung tâm Học liệu Trường Đại học Cần Thơ
LEADER 00508nam a2200181Ia 4500
001 CTU_80327
008 210402s9999 xx 000 0 und d
082 |a 382 
082 |b W447 
100 |a Wells, Louis 
245 4 |a The product life cyle and nternational trade 
245 0 |c Louis Wells 
260 |a Havard 
260 |b President and Fellows of Havard College 
260 |c 1972 
650 |a Product life cycle 
904 |i Trọng Hải 
980 |a Trung tâm Học liệu Trường Đại học Cần Thơ